Doing Development Research (Record no. 75626)

MARC details
000 -LEADER
fixed length control field 00666nam a2200169 a 4500
008 - FIXED-LENGTH DATA ELEMENTS--GENERAL INFORMATION
fixed length control field 161031s2006 ||||||||||||||||| || u
020 ## - INTERNATIONAL STANDARD BOOK NUMBER
International Standard Book Number 9781412902854
050 ## - LIBRARY OF CONGRESS CALL NUMBER
Classification number HD 77 Doi
100 ## - MAIN ENTRY--PERSONAL NAME
Personal name Potter, Robert B
245 10 - TITLE STATEMENT
Title Doing Development Research
Statement of responsibility, etc. edited by Vandana Desai and Robert B. Potter
260 ## - PUBLICATION, DISTRIBUTION, ETC.
Place of publication, distribution, etc. London
Name of publisher, distributor, etc. SAGE Publications
Date of publication, distribution, etc. 2006
300 ## - PHYSICAL DESCRIPTION
Extent xi, 324p.
650 ## - SUBJECT ADDED ENTRY--TOPICAL TERM
Topical term or geographic name entry element ECONOMIC DEVELOPMENT--RESEARCH
650 ## - SUBJECT ADDED ENTRY--TOPICAL TERM
Topical term or geographic name entry element ECONOMIC DEVELOPMENT--RESEARCH--DEVELOPING COUNTRIES
700 ## - ADDED ENTRY--PERSONAL NAME
Personal name Desai, Vandana
995 ## -
-- MAIN LIBRARY OPEN ACCESS
-- 746993
-- CBU-MAIN LIBRARY (Kitwe)
-- HD 77 Doi
-- 1
-- AVAILABLE
-- Jan 23, 2017
-- 746993
-- Main Library Open Access Collection
999 ## -
-- 75626
-- 75626
Holdings
Withdrawn status Lost status Source of classification or shelving scheme Damaged status Not for loan Permanent Location Current Location Shelving location Date acquired Total Checkouts Full call number Barcode Date last seen Copy number Price effective from Koha item type
          CBU-MAIN LIBRARY, KITWE. CBU-MAIN LIBRARY, KITWE.   04/24/2023   HD 77 Doi 746993 04/24/2023 1 04/24/2023 MONOGRAPH